000 00336nam a2200121Ia 4500
008 230822s2012 xx 000 0 und d
020 _a978-81-906625-2-9
041 _aeng
100 _aBRANDS U.
245 _aDESIGN BY USE THE EVERYDAY METAMORPHOSIS
260 _bBOARD OF INTERNATIONAL RESEARCH IN DESIGN BORD
_c2012
300 _a192
999 _c858731
_d858731